WWE 2k25 Showcase Matches - Statistics

General Stats
  • This quiz has been taken 106 times
  • The average score is 33 of 51
Answer Stats
Event Wrestler % Correct
Royal Rumble 2022 Roman Reigns
100%
Survivor Series 2024 Roman Reigns
100%
Hell in a Cell 2017 Jey Uso
93%
Survivor Series 2024 Jey Uso
93%
Hell in a Cell 2017 Jimmy Uso
93%
Survivor Series 2024 Jimmy Uso
93%
Survivor Series 2024 Sami Zayn
88%
New Year's Revolution 2007 John Cena
86%
NXT 2.0 Solo Sikoa
84%
Survivor Series 2024 Solo Sikoa
84%
Survivor Series 2024 Jacob Fatu
82%
Royal Rumble 2022 Seth Rollins
82%
WrestleMania IX Fatu
81%
Survivor Series 2024 Tonga Loa
79%
Money in the Bank 2017 Charlotte Flair
77%
King & Queen of the Ring 2024 Nia Jax
77%
Survivor Series 2024 Tama Tonga
77%
No Mercy 2000 "Stone Cold" Steve Austin
72%
New Year's Revolution 2007 Umaga
72%
Hell in a Cell 2017 Xavier Woods
72%
Hell in a Cell 2017 Big E
70%
Super ShowDown 2020 Naomi
70%
King of the Ring 1993 Yokozuna
70%
Super ShowDown 2020 Bayley
67%
No Mercy 2000 Rikishi
67%
NXT 2.0 Carmelo Hayes
65%
Raw 1997 Hunter Hearst Helmsley
65%
Money in the Bank 2017 Tamina
65%
Money in the Bank 2017 Becky Lynch
63%
King of the Ring 1993 Hulk Hogan
63%
Raw 1997 Rocky Maivia
63%
Money in the Bank 2017 Carmella
60%
King & Queen of the Ring 2024 Lyra Valkyria
56%
WWE RAW: Day 1 Afa
53%
WrestleMania IX Samu
53%
WWE RAW: Day 1 Sika
53%
Money in the Bank 2017 Natalya
49%
WrestleMania IX Scott Steiner
49%
WrestleMania IX Rick Steiner
46%
WWE RAW: Day 1 Tama
44%
WWE RAW: Day 1 Rosey
42%
WWE RAW: Day 1 Akam
40%
WWE RAW: Day 1 Rezar
40%
WWE RAW: Day 1 "High Chief" Peter Maivia
39%
WWE RAW: Day 1 Jamal
39%
WWE RAW: Day 1 Angelo Dawkins
37%
WWE RAW: Day 1 Montez Ford
37%
WWE RAW: Day 1 George "The Animal" Steele
33%
WWE RAW: Day 1 Haku
33%
WWE RAW: Day 1 Bubba Ray Dudley
32%
WWE RAW: Day 1 D-Von Dudley
32%
No matching quizzes found
Score Distribution
Percent of People with Each Score
Percentile by Number Answered
Your Score History
You have not taken this quiz